[Event "San Vicente Terminal-B"]
[Site "Concepcion"]
[Date "2021.11.14"]
[Round "5"]
[White "Ruiz Zenteno, Leonardo Marcial"]
[Black "Rebolledo Arias, Julio Cesar"]
[Result "1/2-1/2"]
[WhiteElo "1885"]
[BlackElo "1942"]
[PlyCount "78"]
[EventDate "2021.11.13"]
[EventType "tourn"]
[EventRounds "5"]
[EventCountry "CHI"]
[SourceTitle "EXT 2023"]
[Source "ChessBase"]
[SourceDate "2022.10.05"]
[SourceVersion "1"]
[SourceVersionDate "2022.10.05"]
[SourceQuality "1"]

1. d4 Nf6 2. Nf3 e6 3. c4 b6 4. a3 Be7 5. Nc3 Ba6 6. Qa4 0-0 7. Bf4 d5 8. e3 Nh5 9. Bg3 Nxg3 10. hxg3 h6 11. Be2 dxc4 12. Bxc4 Bxc4 13. Qxc4 c5 14. 0-0 cxd4 15. Nxd4 Qc8 16. Qe2 Qb7 17. Rfd1 Nd7 18. Ndb5 Nf6 19. e4 e5 20. Nd5 Nxd5 21. Rxd5 a6 22. Nc3 Bf6 23. Rad1 Rfd8 24. Qg4 Qc8 25. Qe2 b5 26. Rxd8+ Bxd8 27. Nd5 Qc6 28. Qd2 Bg5 29. Qxg5 Qxd5 30. Qxg7+ Kxg7 31. Rxd5 Rc8 32. Rd6 Rc1+ 33. Kh2 Rc2 34. f3 a5 35. b3 Rc3 36. Ra6 Rxb3 37. Rxa5 Kf6 38. Kh3 Rb2 39. a4 b4 1/2-1/2

[Event "CHI-chT Universities"]
[Site "Punta Arenas"]
[Date "2010.10.21"]
[Round "5"]
[White "Poblete Rojas, Pablo"]
[Black "Rebolledo Arias, Julio Cesar"]
[Result "0-1"]
[WhiteElo "1851"]
[BlackElo "1880"]
[PlyCount "101"]
[EventDate "2010.10.19"]
[EventType "team-swiss"]
[EventRounds "7"]
[EventCountry "CHI"]
[SourceTitle "EXT 2012"]
[Source "ChessBase"]
[SourceDate "2011.11.24"]
[SourceVersion "1"]
[SourceVersionDate "2011.11.24"]
[SourceQuality "1"]

1. e4 c5 2. b3 Nc6 3. Bb2 d6 4. Bb5 Bd7 5. f4 a6 6. Bxc6 Bxc6 7. d3 e6 8. Nf3 Nf6 9. 0-0 Be7 10. Nbd2 Qc7 11. Qe1 d5 12. e5 Nd7 13. Qg3 g6 14. Ng5 Nf8 15. Rae1 Qa5 16. Ndf3 h6 17. Nh3 Qxa2 18. Rb1 0-0-0 19. Qf2 Qa5 20. Ra1 Qc7 21. d4 Bb5 22. c4 dxc4 23. bxc4 Bxc4 24. Rfc1 Bb5 25. dxc5 Bc6 26. Nd2 Bd5 27. Bd4 Qc6 28. Qe3 g5 29. Nc4 Bxc4 30. Rxc4 gxf4 31. Nxf4 Bg5 32. Rb4 Nd7 33. Rab1 Rhg8 34. g3 h5 35. Rxb7 h4 36. g4 h3 37. R1b2 Rg7 38. Bc3 Bxf4 39. Qxf4 Rdg8 40. R7b4 Rxg4+ 41. Qxg4 Rxg4+ 42. Rxg4 Qxc5+ 43. Bd4 Qc1+ 44. Kf2 a5 45. Rg3 Qf4+ 46. Ke2 Qxd4 47. Rc2+ Kd8 48. Rgc3 Qxe5+ 49. Kf1 a4 50. Kg1 a3 51. Kf1 0-1

[Event "CHI-chT Universities"]
[Site "Chile"]
[Date "2009.10.28"]
[Round "4"]
[White "Poblete Mella, Lautaro"]
[Black "Rebolledo Arias, Julio Cesar"]
[Result "0-1"]
[WhiteElo "2135"]
[BlackElo "1883"]
[PlyCount "98"]
[EventDate "2009.10.27"]
[EventType "team-swiss"]
[EventRounds "7"]
[EventCountry "CHI"]
[SourceTitle "EXT 2012"]
[Source "ChessBase"]
[SourceDate "2011.11.24"]
[SourceVersion "1"]
[SourceVersionDate "2011.11.24"]
[SourceQuality "1"]

1. e4 c5 2. Nf3 d6 3. d4 cxd4 4. Nxd4 Nf6 5. Nc3 a6 6. Bc4 e6 7. 0-0 Qc7 8. Bb3 Nbd7 9. Re1 Nc5 10. Qf3 b5 11. Bd5 Bb7 12. Bg5 b4 13. Bxb7 Qxb7 14. Bxf6 bxc3 15. b4 Nd7 16. Bg5 Rc8 17. Qh3 Nb6 18. Rad1 e5 19. Nf5 Qd7 20. Qg3 f6 21. Be3 Nc4 22. Rd5 g6 23. Nh4 Na3 24. Rc1 Nc4 25. Nf3 Nxe3 26. fxe3 Rc4 27. Ne1 Rxb4 28. Nd3 Rb5 29. Qe1 Bh6 30. Rb1 Bxe3+ 31. Kh1 Bd2 32. Qf1 Rxb1 33. Qxb1 0-0 34. Nc5 Qc8 35. Qb3 Kh8 36. Nd3 Qg4 37. Qb1 Qxe4 38. Rxd6 Qc4 39. Rd7 Qb5 40. Qxb5 axb5 41. Kg1 Kg8 42. Kf2 Rf7 43. Rd8+ Kg7 44. Rb8 e4 45. Nb4 e3+ 46. Ke2 Rd7 47. Rxb5 f5 48. Nd3 Ra7 49. Nb4 Kf6 0-1